A christmas Carol

Bibliographic Details
Main Author: Dickens, Charles
Format: Book
Published: USA : Ladybird Books LTD , 1994
Series:Ladybird Classics
Subjects:

MARC

LEADER 00000cam a2200000 7i4500
001 0000008183
002 000008925
005 20071009.0
020 |a 0721417299 
090 0 0 |a JF   |b LAD 
100 1 |a Dickens, Charles 
245 1 2 |a A christmas Carol   |c Charles Dickens 
260 |a USA :   |b Ladybird Books LTD ,   |c 1994 
300 |a 43p. :   |b ill ;   |c 17cm. 
490 0 |a Ladybird Classics 
650 0 0 |a Children's stories 
999 |a 052416   |b BUKU   |c PINJAMAN   |e PERPUSTAKAAN KOMUNITI PETALING JAYA 
999 |a 052417   |b BUKU   |c PINJAMAN   |e PERPUSTAKAAN KOMUNITI PETALING JAYA 
999 |a 055560   |b BUKU   |c PINJAMAN   |e PERPUSTAKAAN KOMUNITI PETALING JAYA 
999 |a 055561   |b BUKU   |c PINJAMAN   |e PERPUSTAKAAN KOMUNITI CAW KOTA DAMANSARA